Hành trình vào kinh doanh; T1

Saved in:
Bibliographic Details
Main Author: Nguyễn Văn Ân
Format: Book
Language:Undetermined
Published: Tp. HCM Thống kê 1995
Subjects:
Tags: Add Tag
No Tags, Be the first to tag this record!
Institutions: Trung tâm Học liệu Trường Đại học Cần Thơ
LEADER 00479nam a2200169Ia 4500
001 CTU_11187
008 210402s9999 xx 000 0 und d
082 |a 651.75 
082 |b Â121/T1 
100 |a Nguyễn Văn Ân 
245 0 |a Hành trình vào kinh doanh; T1 
245 0 |c Nguyễn Văn Ân 
260 |a Tp. HCM 
260 |b Thống kê 
260 |c 1995 
650 |a commercial correspondence 
980 |a Trung tâm Học liệu Trường Đại học Cần Thơ